000
00210 a2200109 4500
020
_a
9780545851787
041
_a
spa
100
_a
Scholastic
245
_a
La mision de darth maul
942
_c
BK
952
_7
4
999
_c
19696
_d
19696